[Event "POL-ch Rapid U18"]
[Site "Bydgoszcz"]
[Date "2023.08.30"]
[Round "11"]
[White "Sakharchuk, Aliaksandr"]
[Black "Perucki, Maciej"]
[Result "0-1"]
[WhiteElo "1346"]
[BlackElo "1601"]
[PlyCount "76"]
[EventDate "2023.08.28"]
[EventType "swiss"]
[EventRounds "11"]
[EventCountry "POL"]
[SourceTitle "EXT 2024"]
[Source "ChessBase"]
[SourceDate "2023.10.10"]
[SourceVersion "1"]
[SourceVersionDate "2023.10.10"]
[SourceQuality "1"]

1. e4 c5 2. Nf3 Nc6 3. b4 cxb4 4. d4 d5 5. exd5 Qxd5 6. c4 bxc3 7. Nxc3 Qa5 8. Bd2 e6 9. Bb5 Bb4 10. Bxc6+ bxc6 11. Rc1 Ba6 12. Ne5 Ne7 13. Qf3 0-0 14. Nxc6 Nxc6 15. Qxc6 Rac8 16. Qf3 Rfd8 17. Qe3 e5 18. Ne2 exd4 19. Bxb4 Qxb4+ 20. Qd2 Rxc1+ 21. Nxc1 Qc4 22. Kd1 Bb5 23. Qc2 Qd5 24. Nb3 Bc4 25. Re1 d3 26. Qc3 h6 27. Re5 Bxb3+ 28. axb3 Qxg2 29. Qe1 Qf3+ 30. Kd2 Qf4+ 31. Qe3 Qb4+ 32. Kd1 Qxb3+ 33. Ke1 Qb1+ 34. Kd2 Qc2+ 35. Ke1 d2+ 36. Kf1 d1Q+ 37. Kg2 Qg4+ 38. Kf1 Qcd1+ 0-1

[Event "POL-ch Rapid U18"]
[Site "Bydgoszcz"]
[Date "2023.08.29"]
[Round "4"]
[White "Niezhentsev, Kyrylo"]
[Black "Perucki, Maciej"]
[Result "1/2-1/2"]
[WhiteElo "2146"]
[BlackElo "1601"]
[PlyCount "168"]
[EventDate "2023.08.28"]
[EventType "swiss"]
[EventRounds "11"]
[EventCountry "POL"]
[SourceTitle "EXT 2024"]
[Source "ChessBase"]
[SourceDate "2023.10.10"]
[SourceVersion "1"]
[SourceVersionDate "2023.10.10"]
[SourceQuality "1"]

1. e4 c5 2. Nf3 Nc6 3. d4 cxd4 4. Nxd4 Nf6 5. Nc3 e5 6. Ndb5 d6 7. Bg5 a6 8. Na3 b5 9. Bxf6 gxf6 10. Nd5 f5 11. g3 Bg7 12. Bg2 0-0 13. exf5 e4 14. c3 Bxf5 15. Ne3 Bg6 16. h4 h5 17. g4 Ne5 18. gxh5 Nd3+ 19. Kf1 Bh7 20. Nd5 f5 21. Qe2 Rb8 22. Nc2 a5 23. Ne1 Nc5 24. Rd1 f4 25. Qg4 Kh8 26. Nxf4 Qf6 27. Nh3 Bf5 28. Qg3 e3 29. Qxe3 Bg4 30. Rd4 Rbe8 31. Qg3 Qe7 32. Kg1 Bxh3 33. Bxh3 Qxe1+ 34. Kg2 Qe5 35. Qg4 Qf6 36. Rf1 Qe7 37. Rd5 Qe4+ 38. Qxe4 Nxe4 39. Bd7 Rb8 40. Bf5 Nf6 41. Rxd6 Nxh5 42. Bg4 Nf4+ 43. Kh1 Rf6 44. Rd7 Rh6 45. Kh2 Be5 46. Kg3 Rg8 47. Kf3 Rxh4 48. Bf5 Rf8 49. Bc2 Nh5+ 50. Ke3 Nf6 51. Rb7 Nd5+ 52. Ke2 b4 53. Rb5 Nf4+ 54. Kd1 Rd8+ 55. Kc1 Ne2+ 56. Kb1 Bxc3 57. Rxa5 Bd2 58. Ra7 Nd4 59. Rd1 Bg5 60. Rb7 Nc6 61. Rxd8+ Bxd8 62. Bd3 Nd4 63. b3 Bf6 64. Rb6 Be5 65. Kc1 Rh1+ 66. Kb2 Nb5+ 67. Kc2 Na3+ 68. Kd2 Bf4+ 69. Ke2 Ra1 70. Rxb4 Rxa2+ 71. Kf3 Bd6 72. Ra4 Rb2 73. Bc4 Bc5 74. Ke4 Nxc4 75. Rxc4 Bxf2 76. b4 Kg7 77. Kd5 Kf6 78. Kc6 Ke7 79. Kc7 Bg3+ 80. Kc6 Bf2 81. Kc7 Kf6 82. b5 Rxb5 83. Rf4+ Rf5 84. Rxf5+ Kxf5 1/2-1/2

[Event "Poronin op"]
[Site "Poronin"]
[Date "2023.01.10"]
[Round "7"]
[White "Perucki, Maciej"]
[Black "Paszkowski, Krystian"]
[Result "1/2-1/2"]
[WhiteElo "1483"]
[BlackElo "2017"]
[PlyCount "25"]
[EventDate "2023.01.06"]
[EventType "swiss"]
[EventRounds "9"]
[EventCountry "POL"]
[SourceTitle "CBM 212 Extra"]
[Source "ChessBase"]
[SourceDate "2023.03.31"]
[SourceVersion "1"]
[SourceVersionDate "2023.03.31"]
[SourceQuality "1"]

1. d4 Nf6 2. Bg5 e6 3. e4 h6 4. Bxf6 Qxf6 5. Nf3 d6 6. c3 Nc6 7. Bd3 g5 8. Na3 Bg7 9. Qe2 a6 10. Nc2 Bd7 11. Ne3 h5 12. h3 Qe7 13. Bc2 1/2-1/2

[Event "Poronin op"]
[Site "Poronin"]
[Date "2023.01.06"]
[Round "2"]
[White "Golubka, Petr"]
[Black "Perucki, Maciej"]
[Result "1-0"]
[WhiteElo "2378"]
[BlackElo "1483"]
[PlyCount "67"]
[EventDate "2023.01.06"]
[EventType "swiss"]
[EventRounds "9"]
[EventCountry "POL"]
[SourceTitle "CBM 212 Extra"]
[Source "ChessBase"]
[SourceDate "2023.03.31"]
[SourceVersion "1"]
[SourceVersionDate "2023.03.31"]
[SourceQuality "1"]

1. d4 d5 2. Nc3 Nf6 3. Bg5 c6 4. Qd2 h6 5. Bh4 Bf5 6. f3 a5 7. e3 Qc7 8. g4 Bh7 9. Bg3 Qc8 10. Bd3 Bxd3 11. cxd3 e6 12. Nge2 Nbd7 13. a4 Bb4 14. h4 Ke7 15. e4 Nb6 16. Kf2 dxe4 17. dxe4 Qd7 18. Qc2 Rac8 19. Rhd1 Rhd8 20. Nf4 g5 21. Nfe2 c5 22. hxg5 hxg5 23. d5 c4 24. dxe6 Qxe6 25. Nd4 Rxd4 26. Rxd4 Bc5 27. Nb5 Rd8 28. Rad1 c3 29. b3 Bxd4+ 30. Nxd4 Qc8 31. Nf5+ Kf8 32. Rxd8+ Qxd8 33. Qxc3 Qc8 34. Bd6+ 1-0

[Event "Wroclaw Anderssen Memorial op-B"]
[Site "Wroclaw"]
[Date "2023.??.??"]
[Round "2"]
[White "Grzesik, Norbert"]
[Black "Perucki, Maciej"]
[Result "1-0"]
[WhiteElo "1921"]
[BlackElo "1678"]
[PlyCount "49"]
[EventDate "2023.08.06"]
[EventType "swiss"]
[EventRounds "9"]
[EventCountry "POL"]
[SourceTitle "EXT 2024"]
[Source "ChessBase"]
[SourceDate "2023.10.10"]
[SourceVersion "1"]
[SourceVersionDate "2023.10.10"]
[SourceQuality "1"]

1. e4 c5 2. Nf3 Nc6 3. d4 cxd4 4. Nxd4 Nf6 5. Nc3 e5 6. Ndb5 d6 7. Bg5 a6 8. Na3 b5 9. Bxf6 gxf6 10. Nd5 Bg7 11. Bd3 Be6 12. 0-0 0-0 13. c4 b4 14. Nc2 a5 15. Nce3 Nd4 16. Qh5 Rc8 17. Rfe1 Rc5 18. Ng4 Bxg4 19. Qxg4 Kh8 20. Re3 Ne6 21. Qh5 Nf4 22. Nxf4 exf4 23. e5 f5 24. Qxf5 Qh4 25. Rh3 1-0

[Event "Wroclaw Anderssen Memorial op-B"]
[Site "Wroclaw"]
[Date "2023.??.??"]
[Round "3"]
[White "Perucki, Maciej"]
[Black "Zapolska, Roksana"]
[Result "1-0"]
[WhiteElo "1678"]
[BlackElo "1409"]
[PlyCount "101"]
[EventDate "2023.08.06"]
[EventType "swiss"]
[EventRounds "9"]
[EventCountry "POL"]
[SourceTitle "EXT 2024"]
[Source "ChessBase"]
[SourceDate "2023.10.10"]
[SourceVersion "1"]
[SourceVersionDate "2023.10.10"]
[SourceQuality "1"]

1. e4 e5 2. Nf3 Nc6 3. Bb5 a6 4. Ba4 Nf6 5. 0-0 b5 6. Bb3 Bc5 7. c3 d6 8. d4 Bb6 9. h3 0-0 10. Re1 h6 11. a4 Rb8 12. Na3 b4 13. Nc4 bxc3 14. bxc3 Na5 15. Nxb6 Nxb3 16. Qxb3 Rxb6 17. Qc2 Re8 18. d5 Bd7 19. a5 Rb7 20. Qd3 Qa8 21. c4 Reb8 22. c5 Rb3 23. Qe2 Bb5 24. Qd1 Rd3 25. Qc2 Nxe4 26. Rxe4 Qxd5 27. Re1 Bc6 28. Be3 Rbb3 29. cxd6 cxd6 30. Rac1 Bb7 31. Red1 Rbc3 32. Rxd3 Rxd3 33. Qc4 Rd1+ 34. Kh2 Rxc1 35. Qxd5 Bxd5 36. Bxc1 Bxf3 37. gxf3 f5 38. Ba3 d5 39. Bd6 e4 40. fxe4 dxe4 41. h4 Kf7 42. Kg1 g5 43. h5 f4 44. Kf1 f3 45. Ke1 g4 46. Bf4 Kg7 47. Kd2 Kf6 48. Bxh6 Kf5 49. Be3 Kf6 50. Bf4 Kf5 51. Ke3 1-0

[Event "Polanica Zdroj op-D 58th"]
[Site "Polanica Zdroj"]
[Date "2022.08.13"]
[Round "1"]
[White "Penza, Denis"]
[Black "Perucki, Maciej"]
[Result "1-0"]
[WhiteElo "1836"]
[BlackElo "1449"]
[PlyCount "123"]
[EventDate "2022.08.13"]
[EventType "swiss"]
[EventRounds "9"]
[EventCountry "POL"]
[SourceTitle "CBM 210 Extra"]
[Source "ChessBase"]
[SourceDate "2022.11.30"]
[SourceVersion "1"]
[SourceVersionDate "2022.11.30"]
[SourceQuality "1"]

1. d4 d5 2. c4 e6 3. Nc3 Nf6 4. Bg5 Be7 5. e3 0-0 6. Nf3 c6 7. Qc2 h6 8. Bh4 Nbd7 9. a3 Re8 10. Rc1 a5 11. Be2 b6 12. 0-0 Bb7 13. Rfd1 Rc8 14. Qb3 g5 15. Bg3 Rf8 16. Ne5 Nxe5 17. Bxe5 Nd7 18. Bg3 f5 19. f3 Kh8 20. Bd3 f4 21. Bf2 fxe3 22. Bxe3 Bd6 23. Kh1 g4 24. fxg4 Qh4 25. Bg1 Nf6 26. Be2 Rg8 27. c5 Bc7 28. Rd3 Qg5 29. Qd1 Ba6 30. Rh3 Bxe2 31. Nxe2 Nxg4 32. Ng3 Rcf8 33. cxb6 Bb8 34. Rc2 Rf7 35. Qe2 Rgf8 36. Qe1 Bf4 37. Re2 e5 38. dxe5 Qg6 39. e6 Re7 40. Qc3+ Kg8 41. Qxc6 Qd3 42. Qc2 Qxc2 43. Rxc2 Rxe6 44. Rh4 Ne3 45. Rd2 Rxb6 46. Rxf4 Rxf4 47. Bxe3 Re6 48. Bg1 Re5 49. h3 Rc4 50. Bd4 Rg5 51. Kh2 Kf7 52. Bc3 a4 53. Ne2 Ke6 54. Nd4+ Kd7 55. Rf2 Rg6 56. Rf5 Rd6 57. Rf7+ Ke8 58. Ra7 Rd7 59. Ra6 Rh7 60. Nf5 Rf4 61. Nd6+ Kf8 62. Ra8+ 1-0

[Event "Rubinstein Memorial op-D 57th"]
[Site "Polanica Zdroj"]
[Date "2021.08.16"]
[Round "3"]
[White "Wojcik, Jagoda"]
[Black "Perucki, Maciej"]
[Result "1-0"]
[WhiteElo "1592"]
[BlackElo "1347"]
[PlyCount "107"]
[EventDate "2021.08.14"]
[EventType "swiss"]
[EventRounds "9"]
[EventCountry "POL"]
[SourceTitle "CBM 204 Extra"]
[Source "ChessBase"]
[SourceDate "2021.11.30"]
[SourceVersion "1"]
[SourceVersionDate "2021.11.30"]
[SourceQuality "1"]

1. e4 c5 2. Nf3 Nc6 3. d4 cxd4 4. Nxd4 Nf6 5. Nc3 e5 6. Nf3 Bb4 7. Bd3 d6 8. 0-0 0-0 9. Bd2 Bg4 10. h3 Bh5 11. a3 Bxc3 12. Bxc3 Re8 13. Qd2 Bxf3 14. gxf3 Qd7 15. Kh2 Nh5 16. Rg1 Nf4 17. Bf1 Qe6 18. Rg4 h5 19. Rxf4 exf4 20. Qxf4 Qh6 21. Qxh6 gxh6 22. Bb5 Re6 23. Bc4 Rg6 24. f4 Kf8 25. f5 Rg8 26. f4 Re8 27. Bd5 Ke7 28. f6+ Kf8 29. b4 Nd8 30. f5 Nc6 31. Bd2 Rh8 32. Kg3 Ne5 33. Bxb7 Nd7 34. Bf4 Ne5 35. Rd1 h4+ 36. Kf2 h5 37. Rxd6 Nc4 38. Rd7 Nb6 39. Rc7 Na8 40. Rc3 Nb6 41. Rd3 Nc4 42. Rd1 Ne5 43. Bxe5 Rxe5 44. Rd8+ Re8 45. Rd7 Rh6 46. Rd6 Rb8 47. Bd5 Kg8 48. c4 Kh7 49. Bxf7 Rb6 50. Rxb6 axb6 51. e5 Kh8 52. c5 Rh7 53. e6 bxc5 54. bxc5 1-0

[Event "POL-ch U10"]
[Site "Jastrzebia Gora"]
[Date "2021.??.??"]
[Round "3"]
[White "Gawron, Tobiasz"]
[Black "Perucki, Maciej"]
[Result "1/2-1/2"]
[WhiteElo "1071"]
[BlackElo "1261"]
[PlyCount "76"]
[EventDate "2021.02.28"]
[EventType "swiss"]
[EventRounds "9"]
[EventCountry "POL"]
[SourceTitle "EXT 2022"]
[Source "ChessBase"]
[SourceDate "2021.10.06"]
[SourceVersion "1"]
[SourceVersionDate "2021.10.06"]
[SourceQuality "1"]

1. e4 c5 2. Nf3 Nc6 3. d4 cxd4 4. Nxd4 Nf6 5. Nc3 e5 6. Ndb5 d6 7. Bg5 a6 8. Na3 b5 9. Nd5 Be7 10. Bxf6 Bxf6 11. g3 Bg5 12. Bg2 Ne7 13. 0-0 Nxd5 14. Qxd5 Be6 15. Qc6+ Ke7 16. b4 Qd7 17. Qxd7+ Kxd7 18. f4 Be7 19. f5 Bc4 20. Nxc4 bxc4 21. Bh3 Kc6 22. a4 Rab8 23. c3 f6 24. Rfd1 Bd8 25. a5 Rb5 26. Bf1 Bc7 27. Bxc4 Rhb8 28. Bxb5+ Rxb5 29. Rab1 Rb8 30. c4 Kd7 31. Rd2 Bxa5 32. Rdb2 Bb6+ 33. Kg2 Bd4 34. Rb3 Rc8 35. b5 a5 36. b6 Rb8 37. b7 Bc5 38. Rb5 Bb4 1/2-1/2

[Event "POL-ch U10"]
[Site "Jastrzebia Gora"]
[Date "2021.??.??"]
[Round "9"]
[White "Perucki, Maciej"]
[Black "Kopaczewski, Mateusz"]
[Result "1-0"]
[WhiteElo "1261"]
[BlackElo "1107"]
[PlyCount "77"]
[EventDate "2021.02.28"]
[EventType "swiss"]
[EventRounds "9"]
[EventCountry "POL"]
[SourceTitle "EXT 2022"]
[Source "ChessBase"]
[SourceDate "2021.10.06"]
[SourceVersion "1"]
[SourceVersionDate "2021.10.06"]
[SourceQuality "1"]

1. e4 e5 2. Nf3 Nc6 3. Bb5 a6 4. Ba4 Nf6 5. 0-0 d6 6. Re1 Bg4 7. c3 Be7 8. d3 0-0 9. h3 Bh5 10. Nbd2 b5 11. Bb3 Qd7 12. Nf1 Kh8 13. Ng3 Bg6 14. d4 exd4 15. Nxd4 Nxd4 16. cxd4 Rad8 17. Bd2 Rfe8 18. f4 h6 19. f5 Bh7 20. Bxf7 Rf8 21. Be6 Qc6 22. Rc1 Qb7 23. Ba5 Ne8 24. Qc2 Bh4 25. Kh2 Bg8 26. d5 Bxe6 27. fxe6 Rf6 28. Rf1 Rg6 29. Rf8+ Kh7 30. Nf5 Bf6 31. e7 Rc8 32. b3 Bg5 33. Qc6 Qa7 34. Rc2 Qb8 35. Qxa6 Bf4+ 36. g3 Be5 37. Bc3 Bxc3 38. Rxc3 Rf6 39. Nd4 1-0

[Event "POL-ch U10"]
[Site "Jastrzebia Gora"]
[Date "2021.??.??"]
[Round "2"]
[White "Perucki, Maciej"]
[Black "Wasiluk, Dominik"]
[Result "1-0"]
[WhiteElo "1261"]
[BlackElo "1125"]
[PlyCount "95"]
[EventDate "2021.02.28"]
[EventType "swiss"]
[EventRounds "9"]
[EventCountry "POL"]
[SourceTitle "EXT 2022"]
[Source "ChessBase"]
[SourceDate "2021.10.06"]
[SourceVersion "1"]
[SourceVersionDate "2021.10.06"]
[SourceQuality "1"]

1. e4 e6 2. d4 d5 3. Nd2 c5 4. Ngf3 Nc6 5. c3 cxd4 6. Nxd4 Nxd4 7. cxd4 Bb4 8. Qa4+ Bd7 9. Qxb4 b6 10. Ba6 Ne7 11. a4 0-0 12. 0-0 Nc6 13. Qc3 Bc8 14. Bb5 Ne7 15. e5 h6 16. b3 a5 17. Ba3 Ba6 18. Bxa6 Rxa6 19. Rac1 Re8 20. Qc7 Qxc7 21. Rxc7 Nf5 22. Nf3 g5 23. g4 Ng7 24. Rfc1 Raa8 25. Bd6 Red8 26. Rb7 Ne8 27. Rxb6 Nxd6 28. Rxd6 Rdb8 29. Nd2 Rb4 30. f3 Rxd4 31. Rc2 Rd3 32. Kf2 Rb8 33. Ra6 Rb4 34. Rxa5 h5 35. h3 hxg4 36. hxg4 d4 37. Rb5 Rxb5 38. axb5 Rc3 39. Ra2 Rc8 40. b6 Rb8 41. Nc4 f6 42. Ra7 fxe5 43. b7 Kf7 44. Nd6+ Ke7 45. Ra8 Kxd6 46. Rxb8 Kc7 47. Re8 Kxb7 48. Rxe6 1-0